| 000 | 00836nam a22002297a 4500 | ||
|---|---|---|---|
| 005 | 20150225104142.0 | ||
| 008 | 140714b xxu||||| |||| 00| 0 Urdu d | ||
| 010 | _aUR-8677 | ||
| 020 | q | _c80.00 | |
| 020 | _c9789350734087 | ||
| 035 | _aU-7232 | ||
| 037 | _bDBAD/Pub. | ||
| 040 |
_aDPL _bUrdu |
||
| 082 | _a844 | ||
| 100 | _aا ما م ا عظم | ||
| 245 |
_aا ر د و شا عر ی مين ہند و ستا نی تہز يب:کثر ت مين و حد تکا ا ظہا ر _cا ما م ا عظم |
||
| 246 |
_aUrdu shairi mein Hindustani tehzeeb kasrat mein wahdat ka Izhar _bBy Nisar Ahmed Siddiqui |
||
| 260 |
_aد ھلی _bEducational Publishing House _c2014 |
||
| 270 |
_a3108,Vakeel Street,Kucha Pandit,Lal Kuan _b.Delhi _e110006 |
||
| 300 |
_a64.ص _c22Cm (Hb) |
||
| 942 |
_2ddc _cUR _e _h844 _mا م ا |
||
| 999 |
_c91866 _d91866 |
||